Zvýraznenie princípu "znečisťovateľ platí" poistenie zodpovednosti za environmentálnu škodu
Rozdiely medzi všeobecnou zodpovednosťou za škodu na životnom prostredí a zodpovednosťou za environmentálnu škodu v zmysle zákona 359/2007 Z. z. Smernica Európskeho parlamentu a Rady číslo 2004/35/ES o environmentálnej zodpovednosti pri prevencii a odstraňovaní environmentálnych škôd.
Salvato in:
| Autore principale: | |
|---|---|
| Natura: | Capitolo di libro |
| Lingua: | slovacco |
| Soggetti: | |
| Tags: |
Nessun Tag, puoi essere il primo ad aggiungerne!!
|
MARC
| LEADER | 00000naa a2200000 4500 | ||
|---|---|---|---|
| 001 | 0159312 | ||
| 005 | 20221103131606.7 | ||
| 041 | 0 | |a slo | |
| 044 | |a SK | ||
| 245 | 1 | 0 | |a Zvýraznenie princípu "znečisťovateľ platí" |b poistenie zodpovednosti za environmentálnu škodu |c Lucián Besterci |
| 520 | |a Rozdiely medzi všeobecnou zodpovednosťou za škodu na životnom prostredí a zodpovednosťou za environmentálnu škodu v zmysle zákona 359/2007 Z. z. Smernica Európskeho parlamentu a Rady číslo 2004/35/ES o environmentálnej zodpovednosti pri prevencii a odstraňovaní environmentálnych škôd. | ||
| 610 | 2 | 0 | |a poisťovníctvo |
| 610 | 2 | 0 | |a poistenie zodpovednosti za škody |
| 610 | 2 | 0 | |a zmluvy poistné |
| 610 | 2 | 0 | |a hodnota poistná |
| 610 | 2 | 0 | |a udalosti poistné |
| 610 | 2 | 0 | |a znečistenie prostredia životného |
| 610 | 2 | 0 | |a environmentalistika |
| 610 | 2 | 0 | |a zákony |
| 610 | 2 | 0 | |a smernice |
| 100 | 1 | |a Besterci, Lucián | |